Các lý thuyết xã hội học
Uloženo v:
| Hlavní autor: | |
|---|---|
| Médium: | Kniha |
| Jazyk: | Undetermined |
| Vydáno: |
Hà Nội
Chính Trị Quốc Gia
2001
|
| Témata: | |
| Tagy: |
Přidat tag
Žádné tagy, Buďte první, kdo otaguje tento záznam!
|
| Thư viện lưu trữ: | Trung tâm Học liệu Trường Đại học Cần Thơ |
|---|
| LEADER | 00694nam a2200229Ia 4500 | ||
|---|---|---|---|
| 001 | CTU_44276 | ||
| 008 | 210402s9999 xx 000 0 und d | ||
| 020 | |c 50000 | ||
| 082 | |a 301 | ||
| 082 | |b H100/T.1 | ||
| 100 | |a Vũ, Quang Hà | ||
| 245 | 0 | |a Các lý thuyết xã hội học | |
| 245 | 0 | |c Vũ Quang Hà | |
| 260 | |a Hà Nội | ||
| 260 | |b Chính Trị Quốc Gia | ||
| 260 | |c 2001 | ||
| 526 | |a Lịch sử xã hội học,Lý thuyết xã hội học hiện đại | ||
| 526 | |b XN343,XN244 | ||
| 650 | |a Sociology,Xã hội học | ||
| 904 | |i Minh, 011106 | ||
| 910 | |a Tuyến | ||
| 980 | |a Trung tâm Học liệu Trường Đại học Cần Thơ | ||